Guess The Rolling Stones Lyrics #2 - Statistics

General Stats
  • This quiz has been taken 136 times
  • The average score is 61 of 158
Answer Stats
Answer % Correct
I
98%
a
95%
The
86%
the
86%
you
85%
You
85%
me
76%
and
74%
to
69%
do
68%
be
66%
we
66%
who
64%
is
61%
for
60%
No
60%
can't
56%
my
56%
have
51%
know
50%
am
48%
make
43%
could
42%
don't
39%
let
39%
time
39%
but
38%
some
37%
day
36%
away
34%
them
34%
things
33%
feel
28%
We'll
28%
Wild
28%
wild
28%
couldn't
27%
wanted
27%
has
26%
horses
26%
or
25%
sin
25%
drag
23%
Now
22%
you've
22%
I've
21%
been
19%
pain
19%
much
18%
bought
16%
lie
16%
easy
15%
Let's
15%
living
15%
ride
15%
hands
14%
lady
13%
through
13%
must
12%
die
11%
show
11%
Childhood
10%
same
10%
after
9%
Graceless
9%
suffer
9%
Tears
9%
treat
9%
bitter
8%
slide
8%
unkind
8%
watched
8%
decided
7%
freedom
7%
cried
6%
dreamed
6%
dull
6%
broken
5%
exit
5%
aching
4%
sweeping
4%
Faith
3%
lines
3%
offstage
3%
No matching quizzes found
Score Distribution
Percent of People with Each Score
Percentile by Number Answered
Your Score History
You have not taken this quiz